| 000 | 00664nam a2200193 a 4500 | ||
|---|---|---|---|
| 001 | 000045488 | ||
| 005 | 20201002052258.0 | ||
| 008 | 150409s2014 dr a 000 0 spa d | ||
| 020 | _a9789945082074 | ||
| 040 |
_aDO-SdBNP _bspa _cBNPHU |
||
| 082 |
_axxxx _bxxxx |
||
| 100 | 1 |
_aDuarte, Ángel _973540 |
|
| 245 | 1 | 3 |
_aLa biblia frente a la ciencia / _cÁngel Duarte. |
| 260 |
_aSanto Domingo : _bs. n., _c2014. |
||
| 300 |
_a183 p. : _bil., retrs. ; _c22 cm. |
||
| 500 | _aIncluye referencias bibliográficas y notas al pie de las páginas. | ||
| 500 | _aIncluye datos biográficos del autor en la solapa de la contracubierta | ||
| 504 | _aBibliografía : p. 181-182 | ||
| 999 |
_c44977 _d44977 |
||